Els coloms en l'àmbit urbà
Descripción Física:
1 tríptic ; il·lustracions color ; 21 cm
Idioma:
Catalán
MARC
| LEADER | 00000nam a22000007a 4500 | ||
|---|---|---|---|
| 001 | 27883 | ||
| 003 | Arxiu | ||
| 005 | 20260324181516.0 | ||
| 008 | 230522b spa||||| |||| 00| 0 cat d | ||
| 017 | |a B 24221-2014 | ||
| 040 | |a agdb |b cat | ||
| 245 | |a Els coloms en l'àmbit urbà | ||
| 260 | |a Barcelona : |b Diputació de Barcelona ; |c 2014 | ||
| 300 | |a 1 tríptic ; |b il·lustracions color ; |c 21 cm | ||
| 650 | 0 | |a Coloms |x Control biològic |z Esplugues de Llobregat (Catalunya) | |
| 655 | 0 | |a Fulletons |9 55858 | |
| 710 | |9 52421 |a Barcelona (Catalunya : Província). |b Àrea d'Atenció a les Persones | ||
| 710 | |9 55263 |a Esplugues de Llobregat (Catalunya). |b Ajuntament | ||
| 942 | |2 udc |c ARXIU |n 1 | ||
| 952 | |0 0 |1 0 |2 udc |4 0 |6 FU75107 |7 1 |9 66367 |a Arxiu |b Arxiu |d 2023-05-22 |l 0 |o FU-75-107 |p 27883 |r 2023-05-22 00:00:00 |w 2023-05-22 |y ARXIU | ||
| 999 | |c 83728 |d 83728 | ||